La memoria.

Guardado en:
Formato: Deslizar
Series:Multitalento microchip
Materias:
Etiquetas: Agregar Etiqueta
Sin Etiquetas, Sea el primero en etiquetar este registro!
LEADER 00801ngm a22002535g 4500
001 CEM.cems021359
008 130507b1991##################0###0#####d
005 20240819160953.0
245 0 0 |a La memoria. 
300 |a 26 
490 0 |a Multitalento microchip 
500 |a En soporte VHS, consultar en ventanilla. Grabación Drd 1991. 
505 0 |a Aplicación de ordenadores a la enseñanza. Banco de datos. Ingreso a una memoria. 
538 |a Soporte: VHS - Norma: Pal N - Color: Si - Hitachi 4450 
082 0 0 |. 6/AVE 
653 |a BANCO DE DATOS 
653 |a COMPUTACION 
653 |a FISICA 
653 |a MEMORIA 
653 |a ORDENADORES 
653 |a ENSEÑANZA 
653 |a MICROCHIP 
653 |a NIVEL SECUNDARIO 
859 |a CEMS  |b BIB. CEMS - Depto. Recursos Didacticos  |h 001.6  |i AVE  |k DRD  |p 2.12  |t Ej.1